000 00607cam a2200181 i 4500
005 20251203100933.0
008 250721s2003 jo gr 000 0 ara d
082 1 4 _a245/جوا
_bج و ا
100 1 _aالجوابرة، عزمي فيصل
_eمؤلف.
245 1 0 _aعذاب القبر ونعيمه والمنجيات منه /
_cعزمي الجوابرة.
250 _aالطبعة الاولى.
264 1 _aعمان :
_bدار عالم الثقافة،
_c2003.
300 _a77صفحة.
650 1 7 _aالوفاة.
653 _aعذاب القبر.
942 _2ddc
_cBK
999 _c85307
_d85307